00838 a2200157 4500003000500000005001700005020001500022040000900037082001600046100001800062245004800080260002500128300000900153505050200162650001600664Nust20220815085717.0 a8129706725 cNust a005.133,HOF aHoffman,Kevin aC# programmingbEvolution / cKevin Hoffman aIndiabPearsonc2004 a305p aIntroduction (Page-1), Setting up your Development Environment (Page-9), Using the Survey Development Suite (Page-29), Exploring the Code of the Survey Development Suite (Page-51), Experimenting with the Code for the Survey Development Suite (Page-113), Customizing Survey Repository (Page-143), Customizing Survey Development Studio (Page-117), Customizing Pocket survey (Page-205), Improving the Code of the Survey Development Suite (Page-231), Extending the Survey Development Suite (Page-267), aprogramming